Statistics for Dead By Daylight Trivia

Click here to take the quiz!

General Stats

  • This quiz has been taken 472 times
  • The average score is 7 of 15

Answer Stats

HintAnswer% Correct
Who is Evan MacmillanThe Trapper
94%
Who is Philip OjomoThe Wraith
79%
Who is the Slowest killerThe Nurse
76%
Who is Herman CarterThe Doctor
75%
What Perk reduces landing lag by 75%Balanced Landing
72%
What Perk allows you to fast vault without notifying the killerQuick and Quiet
59%
Who is the Solitary SurvivalistJake Park
46%
Who has the Perk "Distortion"Jeff Johansen
41%
Which DLC Killer did not come with a survivorThe Cannibal
37%
What is the only current Ultra Rare OfferingEbony Memento Mori
33%
Who is the Resourceful TeacherAdam Francis
30%
Which DLC survivor did not come with a killerWilliam "Bill" Overbeck
28%
What Perk hides your scratch marks for 10 secs after completing a generatorPoised
27%
What Studio Made Dead By DaylightBehaviour Interactive
26%
What Perk increases your FOV by 10 degreesMonitor & Abuse
26%

Score Distribution

Percentile by Number Answered

Percent of People with Each Score

Your Score History

You have not taken this quiz